000 00307nam a2200145Ia 4500
008 230917s9999||||xx |||||||||||||| ||und||
020 _cRS15
040 _e191838
_aMAIN
041 _aEnglish
082 _al891.4391128
100 _aManzur, Hakim
245 0 _aNatmaan
260 _c1977
942 _cBK
999 _c215069
_d215069